Presidentes de México - Estadísticas

Estadísticas generales
  • Esta prueba ha sido intentada 180 veces
  • La puntuación promedio es 12 de 31
Estadísticas de respuestas
Término Presidente % Correcto
2012-2018 Enrique Peña Nieto
90%
2000-2006 Vicente Fox
90%
2006-2012 Felipe Calderón
80%
1988-1994 Carlos Salinas de Gortari
73%
1982-1988 Miguel De la Madrid
72%
1994-2000 Ernesto Zedillo
69%
1884-1911 Porfirio Díaz
66%
1934-1940 Lázaro Cárdenas
58%
1964-1970 Gustavo Díaz Ordaz
53%
1913-1914 Venustiano Carranza
53%
1958-1964 Adolfo López Mateos
47%
1976-1982 José López Portillo
43%
1911-1913 Francisco I. Madero
42%
1924-1928 Plutarco Elías Calles
42%
1920-1924 Álvaro Obregón
36%
1970-1976 Luis Echeverría Álvarez
36%
1940-1946 Manuel Ávila Camacho
36%
1946-1952 Miguel Alemán Váldez
36%
1913-1914 Victoriano Huerta
36%
1952-1958 Adolfo Ruíz Cortinez
29%
1928-1930 Emilio Portes Gil
21%
1930-1932 Pascual Ortiz
19%
1913 Pedro Lascurain
19%
1932-1934 Abelardo Rodríguez
16%
1920 Adolfo De la Huerta
14%
1914-1915 Eulalio Gutiérrez
10%
1914 Eulalio Gutiérrez
10%
1911 Francisco León de la Barra
9%
1915 Francisco Lagos
7%
1914-1920 Roque González Garza
7%
1914 Francisco Carvajal
5%
No se encontraron pruebas coincidentes
Distribución de puntuación
Porcentaje de gente con cada puntuación
Porcentaje por número respondido
Historial de tus puntuaciones
No has intentado esta prueba.